<?xml version="1.0" encoding="UTF-8"?>
<record
    xmlns:xsi="http://www.w3.org/2001/XMLSchema-instance"
    xsi:schemaLocation="http://www.loc.gov/MARC21/slim http://www.loc.gov/standards/marcxml/schema/MARC21slim.xsd"
    xmlns="http://www.loc.gov/MARC21/slim">

  <leader>03307nam a22002537a 4500</leader>
  <controlfield tag="008">250513b        |||||||| |||| 00| 0 eng d</controlfield>
  <datafield tag="020" ind1=" " ind2=" ">
    <subfield code="a">9788403524361</subfield>
  </datafield>
  <datafield tag="040" ind1=" " ind2=" ">
    <subfield code="c">tbs</subfield>
  </datafield>
  <datafield tag="041" ind1=" " ind2=" ">
    <subfield code="a">spa</subfield>
  </datafield>
  <datafield tag="050" ind1=" " ind2=" ">
    <subfield code="a">Q173</subfield>
    <subfield code="b">.M962 2019</subfield>
  </datafield>
  <datafield tag="100" ind1=" " ind2=" ">
    <subfield code="a">Munroe, Randall</subfield>
    <subfield code="9">25206</subfield>
    <subfield code="e">author</subfield>
  </datafield>
  <datafield tag="240" ind1=" " ind2=" ">
    <subfield code="a">How to</subfield>
    <subfield code="l">Spanish.</subfield>
  </datafield>
  <datafield tag="245" ind1=" " ind2=" ">
    <subfield code="a">Instrucciones para</subfield>
    <subfield code="b">: resolver problemas cotidianos con soluciones absurdas y cient&#xED;ficas</subfield>
    <subfield code="c">/ Randall Munroe ; translated by Alfredo Blanco.</subfield>
  </datafield>
  <datafield tag="260" ind1=" " ind2=" ">
    <subfield code="a">Barcelona :</subfield>
    <subfield code="b">Penguin Random House Grupo Editorial, </subfield>
    <subfield code="c">2024.</subfield>
  </datafield>
  <datafield tag="300" ind1=" " ind2=" ">
    <subfield code="a">319 pages :</subfield>
    <subfield code="b">illustrations (black and white) ;</subfield>
    <subfield code="c">23 cm.</subfield>
  </datafield>
  <datafield tag="520" ind1=" " ind2=" ">
    <subfield code="a">Para cualquier tarea que puedas querer realizar, existe una forma correcta, una forma incorrecta y una forma tan monumentalmente compleja, excesiva e inadmisible que nadie en su sano juicio la intentar&#xED;a. Munroe ha creado una gu&#xED;a para este tercer tipo de enfoque. Ofrece consejos altamente poco pr&#xE1;cticos para todo, desde aterrizar un avi&#xF3;n hasta cavar un hoyo. El caricaturista Randall Munroe (xkcd) explica c&#xF3;mo predecir el clima analizando los p&#xED;xeles de tus fotos en Facebook. Te ense&#xF1;a c&#xF3;mo saber si eres un baby boomer o un ni&#xF1;o de los 90 midiendo la radiactividad de tus dientes. Ofrece consejos para tomarte una selfie con un telescopio, cruzar un r&#xED;o hirvi&#xE9;ndolo y alimentar tu casa destruyendo el tejido del espacio-tiempo. Y si quieres deshacerte del libro cuando termines de leerlo, te gu&#xED;a a trav&#xE9;s de las opciones para su eliminaci&#xF3;n adecuada, incluyendo disolverlo en el oc&#xE9;ano, convertirlo en vapor, usar placas tect&#xF3;nicas para subducirlo en el manto terrestre o lanzarlo al Sol. Al explorar las formas m&#xE1;s complicadas de hacer tareas simples, Munroe nos invita a adentrarnos en los rincones m&#xE1;s absurdos de lo posible y nos ayuda a entender mejor la ciencia y la tecnolog&#xED;a que sustentan las cosas que hacemos todos los d&#xED;as.</subfield>
  </datafield>
  <datafield tag="520" ind1=" " ind2=" ">
    <subfield code="a">For any task you might want to do, there's a right way, a wrong way, and a way so monumentally complex, excessive, and inadvisable that no one would ever try it. Munroe has created a guide to the third kind of approach. He provides highly impractical advice for everything from landing a plane to digging a hole. Cartoonist Randall Munroe (xkcd) explains how to predict the weather by analyzing the pixels of your Facebook photos. He teaches you how to tell if you're a baby boomer or a 90's kid by measuring the radioactivity of your teeth. He offers tips for taking a selfie with a telescope, crossing a river by boiling it, and powering your house by destroying the fabric of space-time. And if you want to get rid of the book once you're done with it, he walks you through your options for proper disposal, including dissolving it in the ocean, converting it to a vapor, using tectonic plates to subduct it into the Earth's mantle, or launching it into the Sun. By exploring the most complicated ways to do simple tasks, Munroe invites us to explore the most absurd reaches of the possible and helps us better understand the science and technology underlying the things we do every day.</subfield>
  </datafield>
  <datafield tag="650" ind1=" " ind2="0">
    <subfield code="a">Science</subfield>
    <subfield code="x">Miscellanea</subfield>
    <subfield code="9">23116</subfield>
  </datafield>
  <datafield tag="650" ind1=" " ind2="0">
    <subfield code="a">Problem solving</subfield>
    <subfield code="9">8435</subfield>
  </datafield>
  <datafield tag="655" ind1=" " ind2="0">
    <subfield code="a">Self-help publications</subfield>
    <subfield code="9">23836</subfield>
  </datafield>
  <datafield tag="655" ind1=" " ind2="0">
    <subfield code="a">Humor</subfield>
    <subfield code="9">25207</subfield>
  </datafield>
  <datafield tag="700" ind1=" " ind2=" ">
    <subfield code="a">Blanco, Alfredo</subfield>
    <subfield code="9">25208</subfield>
    <subfield code="e">translator</subfield>
  </datafield>
  <datafield tag="942" ind1=" " ind2=" ">
    <subfield code="2">lcc</subfield>
  </datafield>
  <datafield tag="952" ind1=" " ind2=" ">
    <subfield code="0">0</subfield>
    <subfield code="1">0</subfield>
    <subfield code="2">lcc</subfield>
    <subfield code="4">0</subfield>
    <subfield code="7">0</subfield>
    <subfield code="a">TBS</subfield>
    <subfield code="b">TBS</subfield>
    <subfield code="d">2025-05-13</subfield>
    <subfield code="l">0</subfield>
    <subfield code="o">Q173 MUN</subfield>
    <subfield code="p">B05837</subfield>
    <subfield code="r">2025-05-13</subfield>
    <subfield code="t">1</subfield>
    <subfield code="w">2025-05-13</subfield>
    <subfield code="y">1</subfield>
  </datafield>
  <datafield tag="999" ind1=" " ind2=" ">
    <subfield code="c">4655</subfield>
    <subfield code="d">4655</subfield>
  </datafield>
</record>
